000 00473nam a2200181Ia 4500
008 240925s9999 xx 000 0 und d
020 _a8184310269
082 _a621.382 BAG
100 _aBagad ,Vilas S.
245 0 _aTelecommunication Systems
250 _aNA
260 _aPune:
_bTechnical Publications
_c,2006.
300 _ax,326p.
_bN.A
_fOriginal
500 _aIncludes Index
600 _aTelecommunication Engineering
650 _aTechnology
942 _cBK
999 _c10284
_d10284